The way things work/ (Record no. 5361)
[ view plain ]
| 000 -LEADER | |
|---|---|
| fixed length control field | 00838nam a22002777a 4500 |
| 001 - CONTROL NUMBER | |
| control field | 12855658 |
| 005 - DATE AND TIME OF LATEST TRANSACTION | |
| control field | 20161021110546.0 |
| 008 - FIXED-LENGTH DATA ELEMENTS--GENERAL INFORMATION | |
| fixed length control field | 020425s2002 ph f000 1 eng |
| 010 ## - LIBRARY OF CONGRESS CONTROL NUMBER | |
| LC control number | 2002346643 |
| 020 ## - INTERNATIONAL STANDARD BOOK NUMBER | |
| International Standard Book Number | 9715423426 |
| 035 ## - SYSTEM CONTROL NUMBER | |
| System control number | (DLC) 2002346643 |
| 037 ## - SOURCE OF ACQUISITION | |
| Source of stock number/acquisition | Library of Congress -- Jakarta Overseas Office |
| Terms of availability | P180.00 |
| 040 ## - CATALOGING SOURCE | |
| Original cataloging agency | DLC |
| Transcribing agency | DLC |
| 042 ## - AUTHENTICATION CODE | |
| Authentication code | lcode |
| 050 00 - LIBRARY OF CONGRESS CALL NUMBER | |
| Classification number | MLCM 2002/00369 (P) |
| 082 ## - DEWEY DECIMAL CLASSIFICATION NUMBER | |
| Edition number | 2002 |
| Classification number | DC 808.831 |
| Item number | G616w |
| 100 1# - MAIN ENTRY--PERSONAL NAME | |
| Personal name | Garceau, Scott R. |
| 245 14 - TITLE STATEMENT | |
| Title | The way things work/ |
| Statement of responsibility, etc. | Scott Garceau. |
| 260 ## - PUBLICATION, DISTRIBUTION, ETC. (IMPRINT) | |
| Place of publication, distribution, etc. | Quezon City: |
| Name of publisher, distributor, etc. | University of the Philippines Press, |
| Date of publication, distribution, etc. | c2002. |
| 300 ## - PHYSICAL DESCRIPTION | |
| Extent | 153 pages; |
| Dimensions | 23 cm. |
| 500 ## - GENERAL NOTE | |
| General note | |
| 650 #0 - SUBJECT ADDED ENTRY--TOPICAL TERM | |
| 9 (RLIN) | 16596 |
| Topical term or geographic name as entry element | Short stories |
| 906 ## - LOCAL DATA ELEMENT F, LDF (RLIN) | |
| a | 7 |
| b | cbc |
| c | origode |
| d | 4 |
| e | ncip |
| f | 20 |
| g | y-gencatlg |
| 942 ## - ADDED ENTRY ELEMENTS (KOHA) | |
| Source of classification or shelving scheme | Dewey Decimal Classification |
| Koha item type | Circulation |
| Withdrawn status | Lost status | Source of classification or shelving scheme | Damaged status | Not for loan | Collection code | Home library | Current library | Date acquired | Total Checkouts | Full call number | Barcode | Date last seen | Price effective from | Koha item type |
|---|---|---|---|---|---|---|---|---|---|---|---|---|---|---|
| Dewey Decimal Classification | Circulation | UM Digos College - LIC | UM Digos College - LIC | 10/21/2016 | DC 808.831 G616w 2002 | 18023 | 05/15/2025 | 10/21/2016 | Circulation |
